[Event "105th British-ch 2018"]
[Site "Hull"]
[Date "2018.07.30"]
[Round "3"]
[White "Waddington, Mike P"]
[Black "Iyengar, Ilya"]
[Result "*"]
[WhiteElo "2110"]
[BlackElo "2017"]
[Annotator "TA"]
[PlyCount "138"]
[EventDate "2018.07.28"]
[EventType "swiss"]
[EventCountry "GBR"]
[SourceTitle "playchess.com"]
[Source "ChessBase"]
[SourceQuality "1"]

{[%evp 11,138,-37,-27,-37,-39,-31,-23,-58,-49,-73,-68,-69,-36,-45,-27,-17,-11,-42,14,0,42,43,323,325,293,371,348,83,89,83,216,201,210,208,235,223,267,256,268,255,269,231,263,144,143,125,265,264,348,212,851,318,444,462,872,584,561,156,257,250,387,385,307,185,181,70,199,43,62,36,70,32,231,218,184,117,229,227,229,237,212,216,209,193,194,195,915,502,500,485,822,254,218,8,8,0,0,0,0,-20,-18,-16,0,0,0,0,0,0,0,0,0,0,0,0,0,0,0,0,4,0,0,0,7,6,6,6,7,8,8]} 1. Nc3 d5 2. e4 d4 3. Nce2 e5 4. Ng3 Be6 5. Nf3 f6 6. Be2 {A00: Unregelmäßige Eröffnungen} (6. Bb5+ c6 7. Be2 Ne7 8. O-O Qd7 9. b3 c5 10. Bc4 Nbc6 11. Bxe6 Qxe6 12. Ne1 O-O-O 13. Nd3 Ng6 14. Nh5 {0-1 (74) Vandermeulen,B (2570)-Stephan,J (2555) ICCF email 2010}) 6... c5 {LiveBook: 4 Partien} 7. d3 Nc6 8. O-O {Schwarz steht etwas besser.} Nge7 $146 ({Vorgänger:} 8... Qd7 9. c4 Bd6 10. Bd2 Nge7 11. a3 O-O 12. Qc1 a5 13. Bd1 a4 {0-1 (22) Naesman,P (2435)-Baron,D (2395) ICCF corr 1996}) 9. Nh5 Nc8 10. Nh4 g6 11. Ng3 Bg7 12. f4 Nd6 13. Bg4 Bf7 14. f5 g5 (14... Ke7 $15) 15. Nh5 $1 $11 {[%cal Rh5g7]} Kf8 (15... Rg8 $5 {[%cal Rg5h4]} 16. Nf3 Kd7 $11) 16. Nf3 Qe8 $2 {[%mdl 8192] [#]} (16... h6 $14) 17. Nxg5 $1 $18 {[%mdl 512]} fxg5 18. Bxg5 Kg8 19. Nf6+ $2 (19. f6 $18 {und Weiss behält klar die Oberhand.} Bf8 20. Ng7 $1 {[%mdl 512]}) 19... Bxf6 $16 20. Bxf6 h5 (20... h6 $16 {kämpft weiter.}) 21. Bxh8 $18 Kxh8 22. Be2 Kg7 23. Rf3 $1 Kf6 24. Rh3 Qd7 25. Qe1 Rh8 26. Qh4+ Kg7 27. Rg3+ (27. g4 $18) 27... Kf8 $16 28. Rf1 Qe7 (28... Qd8 $16 29. f6 Rh7) 29. f6 $18 Qe6 30. b3 {Droht Lg4! und aus.} Nb4 $2 {[#]} (30... Ne8 31. Bg4 Qd6) 31. Rf2 $2 (31. Qg5 Rh7 $18) (31. Bg4 $1 {[%mdl 512]} Qe8 (31... hxg4 32. Qxh8+) 32. Qg5) 31... Rh6 {[#]} 32. Bg4 $1 {[%mdl 512]} Qe8 (32... hxg4 $142 33. Qxh6+ Ke8) 33. a3 Nc6 34. Bf5 $2 (34. Qg5 $18 {[%csl Gf6][%cal Rg5g7] ist viel giftiger.} Rh7 35. Bxh5 $1 {[%mdl 512]}) 34... Nxf5 (34... Qd8 $16 {war angesagt.} 35. Bh3 Rh7) 35. Rxf5 Qe6 (35... Qd8 $142 36. Rf1 Qc8) 36. Rg7 Ke8 37. Qg5 Rh8 38. Rf3 ({Günstiger ist} 38. h3 $18) 38... a5 ({Besser ist} 38... Kd7 $14 39. Qg6 Nd8) 39. h4 $2 (39. Qh4 $1 $18) 39... b6 40. Rg3 b5 41. Rf3 (41. Rxf7 $5 Qxf7 42. Qf5 $16) 41... Nd8 $2 ({Lieber} 41... Kd7 $14) 42. Rf5 Nc6 43. Qg3 (43. g4 $1 $18) 43... Rh6 (43... Kd8 $16 44. Qf3 Kc8) 44. Rgg5 $1 {[%cal Rf5e5] Txe5 ist eine echte Drohung.} Kd7 {[#]} 45. Rxe5 $1 Nxe5 46. Rxe5 Qxf6 {[#] und nun wäre ...Tg6 stark für Schwarz.} 47. Rf5 $1 {[%cal Rf5f6]} ({Finger weg von} 47. Rxc5 $6 Qd6 $14) 47... Qe7 48. Qb8 {Droht stark Db7+.} Kc6 $2 (48... Rc6 49. Qxb5 Kd6 50. Qb8+ (50. Qxa5 Bg6 $18) 50... Rc7 51. Qb6+ Rc6 52. Qxa5 Qc7) 49. a4 bxa4 50. bxa4 {zielt auf Db5+ ab.} Be8 (50... Kd7 $142 51. Qb7+ Ke8 52. Qc8+ Qd8 53. Qxd8+ (53. Qxc5 Qb8 $16) 53... Kxd8 54. Rxf7 c4) 51. Qb5+ $2 (51. Re5 Qd7 52. Qb5+ Kc7 53. Qxc5+ (53. Rxe8 Qxb5 54. axb5 Kb6 $16) 53... Kb8 54. Re7) 51... Kc7 52. Qxa5+ $2 ({Weiss braucht} 52. Rxc5+ $18 Bc6 53. Qxa5+ Kc8 54. Rg5) 52... Kb7 $1 $11 {Die Stellung ist ausgeglichen.} 53. Rxc5 {Und weiter mit Te5 wäre nett.} Ra6 $36 {[%mdl 2048] Schwarz steht aktiver.} 54. Re5 Qd6 55. Qd5+ Qxd5 56. Rxd5 Rxa4 {[%mdl 4096] Endspiel KTL-KT} 57. Kf2 Kc6 58. Kf3 Ra2 59. Rxd4 Rxc2 60. g4 hxg4+ 61. Kxg4 Rc5 62. Rd8 Bd7+ 63. Kf4 Rh5 64. Kg3 Re5 65. Rg8 Kd6 66. Rg6+ Re6 67. Rxe6+ Kxe6 68. Kf4 Be8 69. Kg5 Bb5 {Precision: Weiß = 43%, Schwarz = 26%.} *

[Event "105th British-ch 2018"]
[Site "Hull"]
[Date "2018.07.30"]
[Round "3"]
[White "Sugden, John N"]
[Black "Burke, Mitchell R"]
[Result "*"]
[WhiteElo "2090"]
[BlackElo "1988"]
[Annotator "NA RC"]
[PlyCount "74"]
[EventDate "2018.07.28"]
[EventType "swiss"]
[EventCountry "GBR"]
[SourceTitle "playchess.com"]
[Source "ChessBase"]
[SourceQuality "1"]
[TimeControl "40/5400+30:1800+30"]

1. e4 {[%emt 0:00:24]} d5 {[%emt 0:04:26]} 2. exd5 {[%emt 0:00:21]} Qxd5 {[%emt 0:00:06]} 3. Nc3 {[%emt 0:01:01]} Qd6 {[%emt 0:00:15]} 4. Bc4 {[%emt 0:09:55]} Nf6 {[%emt 0:05:04]} 5. d4 {[%emt 0:09:58]} c6 {[%emt 0:09:30] B01: Scandinavian Defence} 6. Nge2 {[%emt 0:04:11]} (6. h3 Bf5 7. g4 Be6 8. Bb3 Bd5 9. Nxd5 cxd5 10. Nf3 Nc6 11. Qe2 e6 12. c3 Nd7 13. Be3 {0-1 (45) Edouard,R (2680)-Bauer,C (2658) Nimes 2014}) 6... Bf5 {[%emt 0:13:35]} 7. Bf4 {[%emt 0:02:38]} Qb4 {[%emt 0:06:02]} 8. Bb3 {[%emt 0:00:27]} e6 {[%emt 0:02:25]} 9. O-O {[%emt 0:03:52]} Be7 {[%emt 0:09:06]} 10. Bc7 {[%emt 0:02:26]} b6 {[%emt 0:14:26]} 11. Ng3 {[%emt 0:10:18]} Bg6 {[%emt 0:04:39]} 12. f4 {[%emt 0:03:50]} Na6 $146 {[%emt 0:06:04]} ({Predecessor:} 12... O-O 13. f5 exf5 14. Nxf5 {1-0 (29) Correas Marcen,J (2005)-Roman Gimeno,J (1935) Aragon 2014}) 13. Be5 {[%emt 0:00:19]} O-O-O {[%emt 0:02:10]} 14. Qf3 {[%emt 0:08:22]} Nb8 {[%emt 0:02:00]} 15. f5 {[%emt 0:05:44]} exf5 {[%emt 0:01:43]} 16. Nxf5 {[%emt 0:03:11]} Bxf5 {[%emt 0:01:00]} 17. Qxf5+ {[%emt 0:00:26]} Kb7 {[%emt 0:00:06]} 18. a3 {[%emt 0:03:07]} Qa5 {[%emt 0:00:20]} 19. Bxf7 {[%emt 0:02:30]} Rhf8 {[%emt 0:02:00]} 20. Bc4 {[%emt 0:05:26]} Bc5 {[%emt 0:03:33]} 21. Rad1 {[%emt 0:08:42]} Nd5 {[%emt 0:06:51]} 22. Qxh7 {[%emt 0:03:09]} Ne3 {[%emt 0:01:07]} 23. b4 {[%emt 0:03:50]} Bxb4 {[%emt 0:02:54]} 24. axb4 {[%emt 0:00:21]} Qxb4 {[%emt 0:00:02]} 25. Qxg7+ {[%emt 0:01:55]} Ka8 {[%emt 0:00:27]} 26. Rxf8 {[%emt 0:02:25]} Qxf8 {[%emt 0:00:47]} 27. Qxf8 {[%emt 0:01:21]} Rxf8 {[%emt 0:00:04]} 28. Bb3 {[%emt 0:01:06]} Nxd1 {[%emt 0:00:16]} 29. Nxd1 {[%emt 0:00:04]} Nd7 {[%emt 0:00:03]} 30. Bd6 {[%emt 0:00:48]} Re8 {[%emt 0:00:17]} 31. Kf2 {[%emt 0:00:52]} Nf6 {[%emt 0:00:09]} 32. Nc3 {[%emt 0:00:33]} b5 {[%emt 0:00:53]} 33. Bf7 {[%emt 0:00:52]} Rd8 {[%emt 0:02:37]} 34. Be5 {[%emt 0:00:41]} b4 {[%emt 0:01:07]} 35. Na4 {[%emt 0:01:13]} Rf8 $18 {[%emt 0:00:20]} 36. Bg6 {[%emt 0:00:28]} Ng4+ {[%emt 0:01:08]} 37. Ke2 {[%emt 0:00:37]} Rf2+ {[%emt 0:00:26]} *

[Event "105th British-ch 2018"]
[Site "Hull"]
[Date "2018.07.30"]
[Round "3"]
[White "Price, Gwilym"]
[Black "Palliser, Richard Jd"]
[Result "0-1"]
[WhiteElo "2085"]
[BlackElo "2418"]
[Annotator "TA"]
[PlyCount "64"]
[EventDate "2018.07.28"]
[EventType "swiss"]
[EventCountry "GBR"]
[SourceTitle "playchess.com"]
[Source "ChessBase"]
[SourceQuality "1"]

{[%evp 18,64,9,0,0,0,0,0,0,-8,0,0,0,0,0,0,0,-47,-54,-79,-79,-81,-71,-78,-80,-187,-171,-164,-131,-157,93,86,118,-104,-115,-132,-136,-159,-145,-168,-154,-195,-195,-164,-150,-570,-565,-556,-548]} 1. e4 c6 2. d4 d5 3. e5 Bf5 4. h4 h5 5. Bd3 (5. c4 e6 6. Nc3 Ne7 7. Nge2 Bg4 8. Bg5 Qb6 9. c5 Qc7 10. f3 Bf5 11. Ng3 f6 12. Bf4 Nd7 13. exf6 Qxf4 14. Nce2 Qh6 15. fxe7 Bxe7 16. Nxf5 exf5 {½-½ (27) Sutovsky,E (2647)-Artemiev,V (2704) Poikovsky 2018}) 5... Bxd3 6. Qxd3 {B12: Caro-Kann (Vorstoß-Variante)} Qa5+ 7. Nd2 e6 8. Ngf3 Nh6 9. O-O Qa6 10. c4 {LiveBook: 6 Partien} Nd7 11. Qc3 Nf5 12. a4 $146 ({Vorgänger:} 12. b3 Be7 {½-½ (27) Kadric,D (2515)-Moskalenko,A (2528) Kavala 2017}) 12... Be7 13. g3 c5 14. cxd5 exd5 15. dxc5 Nxc5 16. b4 Qd3 $36 {[%mdl 2048] Schwarz kämpft um Vorteil.} 17. Qa3 (17. Bb2 {looks sharper.} Qxc3 18. Bxc3 Nd3 19. Rab1 Rh6 20. Rfd1) 17... Qxa3 18. Bxa3 Nxa4 19. Rfc1 b5 $1 20. Nb3 a6 21. Nc5 (21. Rc7 $17) 21... Nxc5 $19 22. bxc5 Rh6 23. c6 {[#]} Rc8 $2 (23... b4 $1 $17 {[%cal Rb4a3]} 24. Bb2 Kd8 25. c7+ Kc8) 24. Bxe7 $16 Nxe7 25. Rxa6 $2 (25. Nd4 $16 {ist erzwungen, um die Oberhand zu behalten.}) 25... Rhxc6 $17 26. Raxc6 Rxc6 $16 {[%mdl 4096] Endspiel KTS-KTS} 27. Rb1 {[#]} Rb6 $1 28. Nd4 b4 {[%cal Bb5b4,Bb4b3][%mdl 32]} 29. f4 Kd7 30. Kf2 Nc6 31. Nxc6 $2 (31. Nb3 $17 {ist zäher.}) 31... Kxc6 $19 32. Ke3 b3 {Precision: Weiß = 26%, Schwarz = 69%.} 0-1

[Event "105th British-ch 2018"]
[Site "Hull"]
[Date "2018.07.30"]
[Round "3"]
[White "Jackson, Sheila"]
[Black "Britton, Richard L"]
[Result "0-1"]
[WhiteElo "2072"]
[BlackElo "2249"]
[Annotator "NA"]
[PlyCount "90"]
[EventDate "2018.07.28"]
[EventType "swiss"]
[EventCountry "GBR"]
[SourceTitle "playchess.com"]
[Source "ChessBase"]
[SourceQuality "1"]
[TimeControl "40/5400+30:1800+30"]

1. e4 {[%emt 0:00:01]} c5 {[%emt 0:10:50]} 2. Nf3 {[%emt 0:00:07]} d6 {[%emt 0:00:27]} 3. c3 {[%emt 0:00:06]} Nf6 {[%emt 0:00:11]} 4. Be2 {[%emt 0:00:06]} Nbd7 {[%emt 0:01:29]} 5. d3 {[%emt 0:00:06]} g6 {[%emt 0:05:04]} 6. O-O {[%emt 0:01:29]} Bg7 {[%emt 0:00:05]} 7. Nbd2 {[%emt 0:00:23]} O-O {[%emt 0:00:54]} 8. d4 {[%emt 0:04:59] B50: Sicilian: 2...d6, Miscellaneous} Qc7 {[%emt 0:04:47]} 9. Bd3 {[%emt 0:02:28]} b6 $146 {[%emt 0:08:02]} ({Predecessor:} 9... a6 10. Re1 e5 11. a4 b6 12. Rb1 Bb7 13. d5 h6 14. b4 Rab8 15. Qe2 a5 16. bxa5 bxa5 {1-0 (32) Grigore,N (2397)-Miraoui,K (2076) Sautron 2002}) 10. Qe2 {[%emt 0:00:27]} cxd4 {[%emt 0:00:54]} 11. cxd4 {[%emt 0:01:55]} e5 {[%emt 0:00:23]} 12. dxe5 {[%emt 0:08:24]} dxe5 {[%emt 0:02:19]} 13. Nb3 {[%emt 0:05:50]} Nh5 {[%emt 0:03:16]} 14. g3 {[%emt 0:05:08]} Bb7 {[%emt 0:08:28]} 15. Bg5 {[%emt 0:04:56]} Ndf6 {[%emt 0:06:17]} 16. Rac1 {[%emt 0:00:45]} Qe7 {[%emt 0:00:24]} 17. Rfe1 {[%emt 0:08:53]} h6 {[%emt 0:05:29]} 18. Bd2 {[%emt 0:01:36]} Rad8 {[%emt 0:03:06]} 19. Bc3 {[%emt 0:01:06]} Nd7 {[%emt 0:09:11]} 20. Ba6 {[%emt 0:02:47]} Bxa6 {[%emt 0:04:04]} 21. Qxa6 {[%emt 0:00:02]} Nb8 {[%emt 0:00:11]} 22. Qb5 {[%emt 0:00:36]} Rfe8 {[%emt 0:02:26]} 23. Nbd2 {[%emt 0:03:08]} Qe6 {[%emt 0:04:36]} 24. a4 {[%emt 0:11:38]} Qg4 {[%emt 0:09:42]} 25. Bxe5 {[%emt 0:05:23]} a6 {[%emt 0:02:34]} 26. Qxb6 {[%emt 0:08:11]} Nd7 {[%emt 0:00:05]} 27. Qxa6 {[%emt 0:02:10]} Nxe5 {[%emt 0:00:32]} 28. Nxe5 {[%emt 0:04:41]} Bxe5 {[%emt 0:00:15]} 29. Qe2 {[%emt 0:05:49]} Qxe2 {[%emt 0:01:10]} 30. Rxe2 {[%emt 0:00:00]} Bxb2 {[%emt 0:00:09]} 31. Rc2 {[%emt 0:01:39]} Bd4 {[%emt 0:00:06]} 32. Kg2 {[%emt 0:01:24]} Nf6 {[%emt 0:00:07]} 33. f3 {[%emt 0:00:29]} Nd5 {[%emt 0:01:53]} 34. Rc6 {[%emt 0:05:32]} Nc3 {[%emt 0:03:39]} 35. Re1 {[%emt 0:00:05]} Nxa4 {[%emt 0:00:06]} 36. Nb3 {[%emt 0:00:11]} Bg7 {[%emt 0:00:22]} 37. Rec1 {[%emt 0:01:38]} Nb2 {[%emt 0:00:32]} 38. h4 {[%emt 0:01:20]} Nd3 {[%emt 0:00:08]} 39. Rb1 {[%emt 0:03:14]} Ra8 {[%emt 0:00:35]} 40. Rd1 {[%emt 0:00:59]} Red8 {[%emt 0:01:42]} 41. Kf1 {[%emt 0:03:02]} Ne5 {[%emt 0:01:24]} 42. Rxd8+ {[%emt 0:00:38]} Rxd8 {[%emt 0:00:06]} 43. Rc3 {[%emt 0:00:37]} Ng4 {[%emt 0:05:04]} 44. Rc1 $19 {[%emt 0:02:27]} Nh2+ {[%emt 0:00:45]} 45. Ke2 {[%emt 0:03:19]} Nxf3 {[%emt 0:00:05]} 0-1

[Event "105th British-ch 2018"]
[Site "Hull"]
[Date "2018.07.30"]
[Round "3"]
[White "McDougall, William M"]
[Black "Abdulla, Murad"]
[Result "0-1"]
[WhiteElo "2056"]
[BlackElo "2281"]
[Annotator "NA"]
[PlyCount "53"]
[EventDate "2018.07.28"]
[EventType "swiss"]
[EventCountry "GBR"]
[SourceTitle "playchess.com"]
[Source "ChessBase"]
[SourceQuality "1"]
[TimeControl "40/5400+30:1800+30"]

1. d4 {[%emt 0:00:04]} Nf6 {[%emt 0:00:08]} 2. c4 {[%emt 0:00:04]} c5 {[%emt 0:00:23]} 3. d5 {[%emt 0:00:25]} b5 {[%emt 0:00:07]} 4. cxb5 {[%emt 0:00:51]} a6 {[%emt 0:00:08]} 5. Nc3 {[%emt 0:00:30]} axb5 {[%emt 0:05:00]} 6. e4 {[%emt 0:00:23]} Qa5 {[%emt 0:04:37]} 7. Bd2 {[%emt 0:07:11]} b4 {[%emt 0:03:48]} 8. e5 {[%emt 0:01:49]} bxc3 {[%emt 0:05:36]} 9. Bxc3 {[%emt 0:00:06]} Qb6 {[%emt 0:00:13]} 10. exf6 {[%emt 0:00:40]} gxf6 {[%emt 0:01:16]} 11. d6 {[%emt 0:12:28]} Bb7 {[%emt 0:02:18]} 12. Nf3 {[%emt 0:15:06]} e5 {[%emt 0:05:39]} 13. Bc4 {[%emt 0:01:57]} Bxd6 {[%emt 0:06:03]} 14. Nh4 {[%emt 0:06:16]} Qc6 {[%emt 0:15:38]} 15. f3 {[%emt 0:04:49]} Na6 {[%emt 0:08:10]} 16. Qb3 {[%emt 0:04:44]} O-O-O {[%emt 0:09:49]} 17. O-O-O {[%emt 0:02:11]} Nc7 {[%emt 0:02:03]} 18. Rxd6 {[%emt 0:23:17]} Qxd6 {[%emt 0:00:18]} 19. Ba5 {[%emt 0:01:34]} f5 {[%emt 0:10:43]} 20. Nxf5 {[%emt 0:08:56]} Qf6 {[%emt 0:01:12]} 21. Rd1 {[%emt 0:03:03]} d5 {[%emt 0:03:01]} 22. Bxc7 {[%emt 0:02:03]} Kxc7 {[%emt 0:02:52]} 23. Bxd5 {[%emt 0:01:47]} Rxd5 {[%emt 0:00:56]} 24. Rxd5 {[%emt 0:00:12]} Bxd5 {[%emt 0:00:09]} 25. Qxd5 {[%emt 0:00:08]} Qg5+ {[%emt 0:00:18]} 26. Kd1 {[%emt 0:01:45]} Rd8 {[%emt 0:00:23]} 27. Nd6 {[%emt 0:00:06]} 0-1

[Event "105th British-ch 2018"]
[Site "Hull"]
[Date "2018.07.30"]
[Round "3"]
[White "Jamroz, Krzysztof"]
[Black "Payne, Matthew J"]
[Result "*"]
[WhiteElo "2026"]
[BlackElo "2113"]
[Annotator "NA"]
[PlyCount "37"]
[EventDate "2018.07.28"]
[EventType "swiss"]
[EventCountry "GBR"]
[SourceTitle "playchess.com"]
[Source "ChessBase"]
[SourceQuality "1"]
[TimeControl "40/5400+30:1800+30"]

1. e4 {[%emt 0:00:02]} e6 {[%emt 0:00:50]} 2. d4 {[%emt 0:00:06]} d5 {[%emt 0:00:08]} 3. Nd2 {[%emt 0:00:05]} Nc6 {[%emt 0:00:24]} 4. Ngf3 {[%emt 0:00:06]} Nf6 {[%emt 0:00:10]} 5. e5 {[%emt 0:00:07]} Nd7 {[%emt 0:00:06]} 6. c3 {[%emt 0:00:23]} f6 {[%emt 0:00:13]} 7. Bb5 {[%emt 0:00:06]} a6 {[%emt 0:03:48]} 8. Bxc6 {[%emt 0:11:45]} bxc6 {[%emt 0:00:09]} 9. O-O {[%emt 0:00:36]} fxe5 {[%emt 0:12:50]} 10. dxe5 {[%emt 0:01:00]} c5 {[%emt 0:02:22]} 11. Nb3 {[%emt 0:11:59]} a5 {[%emt 0:09:36]} 12. Bg5 {[%emt 0:02:12]} Be7 {[%emt 0:00:09]} 13. Bxe7 {[%emt 0:00:07]} Qxe7 {[%emt 0:00:12]} 14. Re1 {[%emt 0:00:16]} O-O {[%emt 0:02:43]} 15. Nbd2 {[%emt 0:00:16]} Bb7 {[%emt 0:05:26]} 16. Qa4 {[%emt 0:13:54]} Rf5 {[%emt 0:18:55]} 17. Qh4 {[%emt 0:11:37]} Qxh4 {[%emt 0:02:56]} 18. Nxh4 {[%emt 0:00:06]} Rxe5 {[%emt 0:00:03]} 19. Rxe5 {[%emt 0:00:06]} *

[Event "105th British-ch 2018"]
[Site "Hull"]
[Date "2018.07.30"]
[Round "3"]
[White "Miller, Dominic"]
[Black "Jarmany, John"]
[Result "*"]
[WhiteElo "2017"]
[BlackElo "2110"]
[Annotator "NA"]
[PlyCount "51"]
[EventDate "2018.07.28"]
[EventType "swiss"]
[EventCountry "GBR"]
[SourceTitle "playchess.com"]
[Source "ChessBase"]
[SourceQuality "1"]
[TimeControl "40/5400+30:1800+30"]

1. e4 {[%emt 0:00:01]} c6 {[%emt 0:00:04]} 2. d4 {[%emt 0:00:08]} d5 {[%emt 0:00:04]} 3. exd5 {[%emt 0:00:09]} cxd5 {[%emt 0:00:04]} 4. c4 {[%emt 0:00:05]} Nf6 {[%emt 0:00:03]} 5. Nc3 {[%emt 0:00:07]} Nc6 {[%emt 0:00:06]} 6. Nf3 {[%emt 0:03:05]} Bg4 {[%emt 0:00:05]} 7. cxd5 {[%emt 0:02:56]} Nxd5 {[%emt 0:00:13]} 8. Bb5 {[%emt 0:03:50]} Nxc3 {[%emt 0:14:10]} 9. bxc3 {[%emt 0:00:06]} Qd5 {[%emt 0:02:51]} 10. c4 {[%emt 0:08:17]} Qe4+ {[%emt 0:01:34]} 11. Be3 {[%emt 0:03:39]} O-O-O {[%emt 0:11:17]} 12. Bxc6 {[%emt 0:01:35]} Qxc6 {[%emt 0:25:48]} 13. Ne5 {[%emt 0:00:11]} Bxd1 {[%emt 0:00:06]} 14. Nxc6 {[%emt 0:00:03]} bxc6 {[%emt 0:00:04]} 15. Rxd1 {[%emt 0:00:15]} e6 {[%emt 0:01:41]} 16. Ke2 {[%emt 0:00:43]} Rd7 {[%emt 0:02:52]} 17. Rd3 {[%emt 0:01:45]} Be7 {[%emt 0:02:42]} 18. Rb1 {[%emt 0:02:02]} Rhd8 {[%emt 0:12:42]} 19. Rdb3 {[%emt 0:09:40]} Rc7 {[%emt 0:00:06]} 20. Bf4 {[%emt 0:00:18]} Bf6 {[%emt 0:12:40]} 21. Rb8+ {[%emt 0:02:03]} Kd7 {[%emt 0:00:04]} 22. Bxc7 {[%emt 0:00:05]} Kxc7 {[%emt 0:00:07]} 23. R1b7+ {[%emt 0:00:06]} Kd6 {[%emt 0:00:07]} 24. c5+ {[%emt 0:00:09]} Kd5 {[%emt 0:00:06]} 25. Rxd8+ {[%emt 0:00:03]} Bxd8 {[%emt 0:00:04]} 26. Rd7+ {[%emt 0:00:03]} *

[Event "105th British-ch 2018"]
[Site "Hull"]
[Date "2018.07.30"]
[Round "3"]
[White "Young, Daniel J"]
[Black "Krzyzanowski, Patryk"]
[Result "1-0"]
[WhiteElo "1962"]
[BlackElo "2087"]
[Annotator "NA"]
[PlyCount "59"]
[EventDate "2018.07.28"]
[EventType "swiss"]
[EventCountry "GBR"]
[SourceTitle "playchess.com"]
[Source "ChessBase"]
[SourceQuality "1"]
[TimeControl "40/5400+30:1800+30"]

1. e4 {[%emt 0:00:01]} c5 {[%emt 0:00:16]} 2. Nf3 {[%emt 0:00:14]} g6 {[%emt 0:00:11]} 3. d4 {[%emt 0:00:22]} cxd4 {[%emt 0:00:18]} 4. Qxd4 {[%emt 0:00:19]} Nf6 {[%emt 0:00:17]} 5. Nc3 {[%emt 0:00:35]} Nc6 {[%emt 0:01:37]} 6. Qa4 {[%emt 0:00:26]} Ng4 {[%emt 0:15:39]} 7. h3 {[%emt 0:26:50]} Nge5 {[%emt 0:02:37]} 8. Nxe5 {[%emt 0:01:04]} Nxe5 {[%emt 0:00:09]} 9. f4 {[%emt 0:00:59]} Nc6 {[%emt 0:00:08]} 10. Be3 {[%emt 0:01:25]} Bh6 {[%emt 0:08:49]} 11. O-O-O {[%emt 0:06:46]} O-O {[%emt 0:21:49]} 12. g4 {[%emt 0:13:23]} Rb8 {[%emt 0:03:02]} 13. g5 {[%emt 0:06:00]} Bg7 {[%emt 0:00:13]} 14. h4 {[%emt 0:05:55]} a6 {[%emt 0:00:28]} 15. h5 {[%emt 0:02:54]} b5 {[%emt 0:00:27]} 16. Qb3 {[%emt 0:01:09]} d6 {[%emt 0:05:22]} 17. hxg6 {[%emt 0:02:04]} hxg6 {[%emt 0:00:13]} 18. Nd5 {[%emt 0:08:05]} Bg4 {[%emt 0:02:15]} 19. Rd2 {[%emt 0:01:24]} Na5 {[%emt 0:05:58]} 20. Qb4 {[%emt 0:00:47]} Nc4 {[%emt 0:00:32]} 21. Bxc4 {[%emt 0:00:34]} bxc4 {[%emt 0:00:12]} 22. Qxb8 {[%emt 0:00:18]} c3 {[%emt 0:23:58]} 23. Rdh2 {[%emt 0:05:46]} cxb2+ {[%emt 0:03:08]} 24. Kb1 {[%emt 0:00:25]} Bf3 {[%emt 0:01:10]} 25. Qxd8 {[%emt 0:00:39]} Rxd8 {[%emt 0:00:06]} 26. Nxe7+ {[%emt 0:06:47]} Kf8 {[%emt 0:00:09]} 27. Nd5 {[%emt 0:00:25]} Bxh1 {[%emt 0:01:27]} 28. Rxh1 {[%emt 0:00:14]} Re8 {[%emt 0:00:12]} 29. Nf6 {[%emt 0:00:33]} Re6 {[%emt 0:01:47]} 30. Bd4 {[%emt 0:01:06]} 1-0

[Event "105th British-ch 2018"]
[Site "Hull"]
[Date "2018.07.30"]
[Round "3"]
[White "De Coverly, Roger D"]
[Black "Ratnesan, Ranesh"]
[Result "1-0"]
[WhiteElo "1920"]
[BlackElo "2073"]
[Annotator "NA"]
[PlyCount "63"]
[EventDate "2018.07.28"]
[EventType "swiss"]
[EventCountry "GBR"]
[SourceTitle "playchess.com"]
[Source "ChessBase"]
[SourceQuality "1"]
[TimeControl "40/5400+30:1800+30"]

1. e4 {[%emt 0:00:04]} c5 {[%emt 0:00:09]} 2. Nf3 {[%emt 0:00:04]} d6 {[%emt 0:00:07]} 3. g3 {[%emt 0:00:04]} Nf6 {[%emt 0:00:26]} 4. d3 {[%emt 0:00:12]} Nc6 {[%emt 0:00:39]} 5. Bg2 {[%emt 0:00:08]} g6 {[%emt 0:01:21]} 6. O-O {[%emt 0:00:11]} Bg7 {[%emt 0:00:12]} 7. Nc3 {[%emt 0:00:29]} O-O {[%emt 0:01:16]} 8. h3 {[%emt 0:00:16]} Rb8 {[%emt 0:01:52]} 9. a4 {[%emt 0:00:18]} a6 {[%emt 0:00:36]} 10. Be3 {[%emt 0:01:08]} e5 {[%emt 0:05:48]} 11. Qd2 {[%emt 0:02:07]} b5 {[%emt 0:02:29]} 12. axb5 {[%emt 0:01:10]} axb5 {[%emt 0:00:15]} 13. Bh6 {[%emt 0:01:23]} Nd4 {[%emt 0:12:16]} 14. Nxd4 {[%emt 0:00:55]} cxd4 {[%emt 0:00:45]} 15. Ne2 {[%emt 0:00:19]} Bb7 {[%emt 0:04:59]} 16. Bxg7 {[%emt 0:01:46]} Kxg7 {[%emt 0:00:23]} 17. f4 {[%emt 0:01:41]} Qb6 {[%emt 0:08:34]} 18. Rf2 {[%emt 0:01:43]} Nd7 {[%emt 0:08:20]} 19. Raf1 {[%emt 0:04:07]} f6 {[%emt 0:07:59]} 20. g4 {[%emt 0:05:07]} b4 {[%emt 0:08:00]} 21. b3 {[%emt 0:01:44]} Bc6 {[%emt 0:08:19]} 22. Ng3 {[%emt 0:02:09]} Qd8 {[%emt 0:02:01]} 23. h4 {[%emt 0:06:28]} Qe7 {[%emt 0:07:15]} 24. h5 {[%emt 0:05:49]} Kg8 {[%emt 0:00:41]} 25. Bh3 {[%emt 0:08:51]} Nc5 {[%emt 0:01:42]} 26. g5 {[%emt 0:02:04]} fxg5 {[%emt 0:01:19]} 27. f5 {[%emt 0:01:15]} Bd7 {[%emt 0:06:01]} 28. f6 {[%emt 0:02:13]} Qf7 {[%emt 0:00:45]} 29. Bxd7 {[%emt 0:00:59]} Qxd7 {[%emt 0:01:38]} 30. f7+ {[%emt 0:01:07]} Kg7 {[%emt 0:01:25]} 31. Qxg5 {[%emt 0:01:44]} Qd8 {[%emt 0:02:07]} 32. Rf6 {[%emt 0:00:28]} 1-0

[Event "105th British-ch 2018"]
[Site "Hull"]
[Date "2018.07.31"]
[Round "4"]
[White "Adams, Michael"]
[Black "Howell, David W L"]
[Result "1/2-1/2"]
[WhiteElo "2706"]
[BlackElo "2687"]
[Annotator "TA"]
[PlyCount "39"]
[EventDate "2018.07.28"]
[EventType "swiss"]
[EventCountry "GBR"]
[SourceTitle "playchess.com"]
[Source "ChessBase"]
[SourceQuality "1"]

{[%evp 20,39,30,0,0,0,0,0,0,0,-23,-9,-10,-18,0,0,0,0,0,0,0,0]} 1. e4 e6 2. d4 d5 3. Nd2 c5 4. Ngf3 cxd4 5. exd5 Qxd5 6. Bc4 Qd7 {C07: French Tarrasch: 3...c5, 4 Ngf3 and 4 exd5 Qxd5} 7. O-O Nc6 8. Nb3 a6 9. Nbxd4 Nxd4 10. Nxd4 Qc7 11. Qe2 {LiveBook: 55 Games} (11. Bd3 Nf6 12. Re1 Bd6 13. h3 O-O 14. Bg5 Be5 15. c3 h6 16. Nf3 Bxc3 {1-0 (51) Mamedov,R (2709)-Le,Q (2737) Huaian 2017}) 11... Bd6 12. h3 Ne7 13. Be3 O-O 14. Rad1 $146 ({Predecessor:} 14. Bb3) 14... b5 15. Bb3 Ng6 {The position is equal.} 16. c4 bxc4 17. Qxc4 Bh2+ 18. Kh1 Qxc4 19. Bxc4 Bf4 20. Bxf4 1/2-1/2